Antisemitism and its opponents in modern Poland. - Ithaca, NY [u.a.]

Titel: Antisemitism and its opponents in modern Poland. - Ithaca, NY [u.a.] : Cornell Univ. Press. - 2005 [Rezension]
Verfasser:
In: Slavic review, Band 65 (2006), Seite 810-811
alle Artikel anzeigen
Veröffentlicht: 2006
Format: Aufsatz
Sprache: Englisch
Kein Bild verfügbar
X
alg: 39489592
001A    $01999:12-11-16 
001B    $03025:29-02-24 $t08:58:19.000 
001D    $01999:12-11-16 
001U    $0utf8 
001X    $00 
002@    $0Aox 
003@    $0394895924 
006N    $000627879 
007A    $0394895924 $aHEB 
007D    $asw061228 
007I    $0swets118728735 
007T    $0Herdc0040733m 
010@    $aeng 
011@    $a2006 
021A    $aAntisemitism and its opponents in modern Poland. - Ithaca, NY {[u.a.] $dCornell Univ. Press. -  2005 [Rezension] 
028A    $aMendelsohn $dEzra 
031A    $d65 $h810-811 $j2006 
039B    $aIn $8--Abvc--. Slavic review. - Cambridge : Cambridge University Press, 1961-. - ISSN 0037-6779 $x200600000650000190 $9047271809 
039T    $8--Aau--. Antisemitism and its opponents in modern Poland. - Ithaca, NY {[u.a.] : Cornell Univ. Press, 2005. - X, 348 S.. - ISBN 0-8014-8969-5 $9129663581 
045F    $a900.9438 $eDDC23BSB 
045F/01 $a900 
045F/03 $g438 
045T    $a3,6 $a7,41 

lok: 39489592 78

exp: 39489592 78 1 #EPN
201B/01 $029-02-24 $t08:59:50.000 
201U/01 $0utf8 
203@/01 $0791194507 
208@/01 $a12-11-16 $be 
209A/01 $a/ $f000 $x00 
209A/01 $ab*p $x01 
220C/01 $aTitelaufnehmer: kh 
220C/01 $aHerkunft: HI Marburg 
244Z/01 $2Trx $#Poola $#Lenkija $#Polija $#Polen Land $#Poland $#Lengyelország $#Poľsko $#Polsko $8--Trx--Polska$gkraj $x01 $9391345966 
244Z/01 $2Trx $#arvustused $#recenzijos $#Reviews $#recenziók $#recenzje $#recenzie $#recenze $8--Trx--Rezensionen $x02 $9391357441 
247C/01 $82080>Marburg/Lahn, Herder-Institut, Forschungsbibliothek, Bibliographieportal $9336309341
LEADER 00000caa a22000002c 4500
001 394895924
003 DE-603
005 20240229085819.0
007 tu
008 161112s2006 xx |||| | u00||u|eng c
035 |a (DE-599)HEB394895924 
035 |a (NL-LiSWE)00627879 
040 |a DE-603  |b ger  |c DE-603  |d DE-603 
041 |a eng 
082 0 4 |8 1\u  |a 900.9438  |q DE-101  |2 23/BSB 
084 |a 3,6  |a 7,41  |2 ssgn 
085 |8 1\u  |b 900 
085 |8 1\u  |z 2  |s 438 
100 1 |a Mendelsohn, Ezra 
245 0 0 |a Antisemitism and its opponents in modern Poland. - Ithaca, NY ˜[u.a.]œ  |b Cornell Univ. Press. - 2005 [Rezension] 
264 0 |c 2006 
773 0 8 |i In  |t Slavic review  |d Cambridge : Cambridge University Press, 1961-  |x 0037-6779  |g Band 65 (2006), Seite 810-811  |w (DE-603)047271809  |w (DE-600)203404-9 
787 0 8 |i Rezension von  |t Antisemitism and its opponents in modern Poland  |d Ithaca, NY ˜[u.a.] œ: Cornell Univ. Press, 2005  |h X, 348 S.  |z 0801489695  |z 0801443474  |w (DE-603)129663581 
924 0 |9 2080  |a (DE-603)791194507  |b DE-2080  |c HES  |d d  |g /